| 000 | 00566nam a2200169 a 4500 | ||
|---|---|---|---|
| 001 | 000035834 | ||
| 005 | 20200930074641.0 | ||
| 008 | 111115s1963 es 000 0 spa d | ||
| 040 |
_aDO-SdBNP _bspa _cBNPHU |
||
| 100 | 1 |
_aSimón Díaz, José _961804 |
|
| 245 | 1 | 0 |
_aManual de bibliografía de la literatura española / _cJosé Simón Díaz. |
| 260 |
_aBarcelona : _bEditorial Gustavo Gili, _c1963. |
||
| 300 |
_a603 p. ; _c23 cm. |
||
| 500 | _aTextos a dos columna | ||
| 590 | _aPerteneció a la biblioteca personal de Juan Isidro Jimenes Grullón. | ||
| 049 | _aBNPD | ||
| 999 |
_c35325 _d35325 |
||